| 000 | 00439nam a2200121Ia 4500 | ||
|---|---|---|---|
| 008 | 171212s9999 xx 000 0 und d | ||
| 020 | _a9781607325666 | ||
| 245 |
_ceditor Beyette, Bethany J.;LeCount, Lisa J. _a"The Only True People" _bLinking Maya Identities Past and Present |
||
| 260 |
_bUniversity Press of Colorado _c2017 |
||
| 650 | _aArchaeology | ||
| 650 | _aMayas -- Ethnic identity | ||
| 856 | _uhttp://jstor.org/stable/j.ctt1m3p0jk | ||
| 999 |
_c353022 _d353022 |
||